Predstaničný priestor, Vajnory, Bratislava
Salvato in:
| Autore principale: | |
|---|---|
| Altri autori: | |
| Natura: | Manoscritto Libro |
| Lingua: | slovacco |
| Pubblicazione: |
Bratislava
2023
|
| Soggetti: | |
| Accesso online: | http://is.stuba.sk/zp/portal_zp.pl?podrobnosti=155976 |
| Tags: |
Nessun Tag, puoi essere il primo ad aggiungerne!!
|
MARC
| LEADER | 00000ntm a22000003a 4500 | ||
|---|---|---|---|
| 001 | stuzp94139 | ||
| 003 | SK-STU | ||
| 005 | 20231005075223.9 | ||
| 007 | ta | ||
| 008 | 150427s2015----xo-----f-mn---000-0-slo-d | ||
| 040 | |a STU |b slo | ||
| 041 | 0 | |a slo | |
| 100 | 1 | |a Bertová, Veronika |u 056160 |4 aut |U FAD Fakulta architektúry a dizajnu |T FAD Ústav urbanizmu a územného plánovania |X 103896 |U A6160 |Y 397 |7 103896 | |
| 242 | 0 | 1 | |a Train station public space, Vajnory, Bratislava |y eng |
| 245 | 1 | 0 | |a Predstaničný priestor, Vajnory, Bratislava |
| 260 | |c 2023 |a Bratislava | ||
| 650 | 4 | |a udržateľnosť |2 slo | |
| 650 | 4 | |a predstaničný priestor |2 slo | |
| 650 | 4 | |a identita miesta |2 slo | |
| 650 | 4 | |a urbanistický návrh |2 slo | |
| 650 | 4 | |a verejný priestor |2 slo | |
| 650 | 4 | |a železničná stanica |2 slo | |
| 650 | 4 | |a navádzanie |2 slo | |
| 650 | 4 | |a public space |2 eng | |
| 650 | 4 | |a train station public space |2 eng | |
| 650 | 4 | |a railway station |2 eng | |
| 650 | 4 | |a direction showing |2 eng | |
| 650 | 4 | |a sustainablity |2 eng | |
| 650 | 4 | |a identity of the area |2 eng | |
| 650 | 4 | |a urban design |2 eng | |
| 700 | 1 | |a Šeligová, Andrea |u 056160 |k Z2 |4 ths |U FAD Fakulta architektúry a dizajnu |T FAD Ústav urbanizmu a územného plánovania |X 68064 |U A6160 |Y 397 |7 A000068064 | |
| 856 | 4 | |u http://is.stuba.sk/zp/portal_zp.pl?podrobnosti=155976 |u https://opac.crzp.sk/?fn=detailBiblioForm&sid=C03CB0FBA6588971D13F26D1B6BF | |